Problems of fracture mechanics and fatigue : a solution guide (Record no. 2567)
[ view plain ]
| 000 -LEADER | |
|---|---|
| fixed length control field | 00950nac a22002411u 4500 |
| 010 ## - LIBRARY OF CONGRESS CONTROL NUMBER | |
| LC control number | 2003064081 |
| 020 ## - INTERNATIONAL STANDARD BOOK NUMBER | |
| International Standard Book Number | 1402017596 (alk. paper) |
| 020 ## - INTERNATIONAL STANDARD BOOK NUMBER | |
| International Standard Book Number | 1402017596 |
| 082 00 - DEWEY DECIMAL CLASSIFICATION NUMBER | |
| Classification number | 620.1 |
| Item number | G259 |
| 090 ## - LOCALLY ASSIGNED LC-TYPE CALL NUMBER (OCLC); LOCAL CALL NUMBER (OCLC) | |
| -- | 2567 |
| -- | 2567 |
| 100 ## - MAIN ENTRY--PERSONAL NAME | |
| Personal name | 20080729 |
| 245 00 - TITLE STATEMENT | |
| Title | Problems of fracture mechanics and fatigue : a solution guide |
| Remainder of title | a solution guide / |
| Statement of responsibility, etc | editors, E.E. Gdoutos, C.A. Rodopoulos, J.R. Yates. |
| 260 ## - PUBLICATION, DISTRIBUTION, ETC. (IMPRINT) | |
| Place of publication, distribution, etc | Boston : |
| Name of publisher, distributor, etc | Kluwer Academic Publishers,2003 |
| Date of publication, distribution, etc | 2003. |
| 300 ## - PHYSICAL DESCRIPTION | |
| Extent | xxiv, 618 p. : |
| Other physical details | ill. ; |
| Dimensions | 25 cm. |
| 500 ## - GENERAL NOTE | |
| General note | Includes index. |
| 650 #0 - SUBJECT ADDED ENTRY--TOPICAL TERM | |
| Topical term or geographic name as entry element | Fracture mechanics |
| Form subdivision | Problems, exercises, etc. |
| 650 #0 - SUBJECT ADDED ENTRY--TOPICAL TERM | |
| Topical term or geographic name as entry element | Materials |
| General subdivision | Fatigue |
| Form subdivision | Problems, exercises, etc. |
| 700 1# - ADDED ENTRY--PERSONAL NAME | |
| Personal name | Gdoutos, E. E., |
| Dates associated with a name | 1948- |
| 700 1# - ADDED ENTRY--PERSONAL NAME | |
| Personal name | Rodopoulos, C. A. |
| 700 1# - ADDED ENTRY--PERSONAL NAME | |
| Personal name | Yates, J. R. |
| Fuller form of name | (John R.) |
| 942 ## - ADDED ENTRY ELEMENTS (KOHA) | |
| Item type | Book - Borrowing |
| Call number prefix | 620.1G259 |
| Withdrawn status | Item status | Damaged status | Not for loan | Home library | Current library | Shelving location | Date acquired | Source of acquisition | Total Checkouts | Full call number | Barcode | Date last seen | Date last borrowed | Koha item type |
|---|---|---|---|---|---|---|---|---|---|---|---|---|---|---|
| Central Library | Central Library | First floor | 11/04/2007 | Purchase | 1 | 620.1 PRO | 000001500 | 15/07/2025 | 19/09/2013 | Book - Borrowing |